قرآن مجید (Record no. 553792)

000 -LEADER
fixed length control field 00267nam a22001097a 4500
082 ## - DEWEY DECIMAL CLASSIFICATION NUMBER
Classification number 297.122591439
Author Mark QUR
245 ## - TITLE STATEMENT
Title قرآن مجید
260 ## - PUBLICATION, DISTRIBUTION, ETC.
Place of publication, distribution, etc. lahore,
Name of publisher, distributor, etc. Taj company,
Date of publication, distribution, etc. 2000.
300 ## - PHYSICAL DESCRIPTION
Extent 1012p.
526 ## - STUDY PROGRAM INFORMATION NOTE
Program name 0
Interest level 0
Reading level 0
Title point value 297_122591439000000_QUR
942 ## - ADDED ENTRY ELEMENTS (KOHA)
Source of classification or shelving scheme
Koha item type Book
Holdings
Withdrawn status Lost status Source of classification or shelving scheme Damaged status Not for loan Permanent Location Current Location Date acquired Total Checkouts Full call number Barcode Date last seen Date last checked out Price effective from Koha item type
          Military College of Engineering (MCE) Military College of Engineering (MCE) 03/20/2017 1 297.122591439 QUR MCE-41788 08/21/2020 11/27/2018 03/20/2017 Book
© 2023 Central Library, National University of Sciences and Technology. All Rights Reserved.